000 00347nam a22001337a 4500
008 190305b xxu||||| |||| 00| 0 eng d
020 _a9781883920081
041 _aeng
080 _a371
100 _a46
101 _aEDU
245 _aWriting Your Heritage: A Sequence of Thinking, Reading, and Writing Assignments
_cDixon,D
942 _2udc
_cBK
999 _c54469
_d54469